Normal view
MARC view
- Safdar Ali Shah,Brigadier
Entry Personal Name
001 - CONTROL NUMBER
- control field: 15579
003 - CONTROL NUMBER IDENTIFIER
- control field: NUST
005 - DATE AND TIME OF LATEST TRANSACTION
- control field: 20190626050441.0
008 - FIXED-LENGTH DATA ELEMENTS
- fixed length control field: 190626|| aca||aabn | a|a d
040 ## - CATALOGING SOURCE
- Original cataloging agency: NUST
- Transcribing agency: NUST
100 ## - HEADING--PERSONAL NAME
- Personal name: Safdar Ali Shah,Brigadier
670 ## - SOURCE DATA FOUND
- Source citation: Work cat.: (NUST): Safdar Ali Shah,Brigadier, Khaaban Di Mutyar /, [N.D]
